Rusko-nemecki slovar razgovornik
| Médium: | Kniha |
|---|---|
| Jazyk: | neznámy jazyk |
| Fyzický popis: | 302 s. |
| Vydavateľské údaje: |
Moskva
Izdavateľstvo russkij Jazyk
1979
|
MARC
| LEADER | 00000nam a2200000 a 4500 | ||
|---|---|---|---|
| 001 | vtls001351288 | ||
| 003 | SK-MaSNL | ||
| 005 | 20260223215653.0 | ||
| 008 | 210928s1979 xx 0 und | ||
| 035 | |a SNK000304644 | ||
| 040 | |a SNK |b slo |c SNK |e AACR2 | ||
| 245 | 1 | |a Rusko-nemecki slovar razgovornik | |
| 260 | |a Moskva |b Izdavateľstvo russkij Jazyk |c 1979 | ||
| 300 | |a 302 s. | ||
| 958 | |a OND | ||
| 999 | |c 719901 |d 721831 | ||
| 952 | |t P60, <04>, [BOOK], {604} |a SNK |b SNK |y VYP |7 0 |p 17A0172566 |o snkID 76003 |0 0 |1 0 |4 0 |d 1998-12-21 |l 0 |r 2005-01-02 00:00:00 |w 2026-02-23 | ||


